LEADER 01035nam 2200349 450 001 9910317637403321 005 20221015081034.0 010 $a953-51-5224-6 035 $a(CKB)4970000000097710 035 $a(NjHacI)994970000000097710 035 $a(EXLCZ)994970000000097710 100 $a20221015d2012 uy 0 101 0 $aeng 135 $aur||||||||||| 181 $ctxt$2rdacontent 182 $cc$2rdamedia 183 $acr$2rdacarrier 200 00$aApplied Photosynthesis $eNew Progress /$fedited by Mohammad Mahdi Najafpour 210 1$aRijeka, Croatia :$cIntechOpen,$d2012. 215 $a1 online resource (434 pages) $cillustrations some color 311 $a953-51-0061-0 320 $aIncludes bibliographical references. 606 $aPhotosynthesis 615 0$aPhotosynthesis. 676 $a581.13342 702 $aNajafpour$b Mohammad Mahdi 801 0$bNjHacI 801 1$bNjHacl 906 $aBOOK 912 $a9910317637403321 996 $aApplied Photosynthesis$92208756 997 $aUNINA